[Event "Gausdal Classics - GM B"]
[Site "Gausdal"]
[Date "2007.04.18"]
[Round "1"]
[White "Rausis, Igors"]
[Black "White, Michael"]
[Result "1-0"]
[WhiteElo "2537"]
[BlackElo "2260"]
[PlyCount "69"]
[EventDate "2007.04.18"]
[EventType "swiss"]
[EventRounds "9"]
[EventCountry "NOR"]

1. e4 e5 2. Nf3 Nc6 3. Bb5 f5 4. Nc3 fxe4 5. Nxe4 d5 6. Nxe5 dxe4 7. Nxc6 Qg5
8. Qe2 Nf6 9. f4 Qh4+ 10. g3 Qh3 11. Ne5+ c6 12. Bc4 h5 13. d4 h4 14. Rg1 hxg3
15. hxg3 Be6 16. Be3 O-O-O 17. O-O-O b5 18. Rh1 bxc4 19. Rxh3 Rxh3 20. Nxc6 Rd6
21. Ne5 Rxg3 22. f5 Bd5 23. Bf4 Rh3 24. Nxc4 Ra6 25. a3 Rf3 26. Ne3 Bb7 27.
Qc4+ Rc6 28. Qf7 Bxa3 29. d5 Bxb2+ 30. Kxb2 Rb6+ 31. Kc1 Rxf4 32. d6 Rc6 33.
d7+ Kd8 34. Qf8+ Kc7 35. d8=Q# 1-0

[Event "Gausdal Classics - GM B"]
[Site "Gausdal"]
[Date "2007.04.18"]
[Round "1"]
[White "Greet, Andrew"]
[Black "Saevareid, Ove"]
[Result "1-0"]
[WhiteElo "2428"]
[BlackElo "2198"]
[PlyCount "161"]
[EventDate "2007.04.18"]
[EventType "swiss"]
[EventRounds "9"]
[EventCountry "NOR"]

1. e4 e5 2. Nf3 Nc6 3. Bb5 Nf6 4. Qe2 Bc5 5. c3 O-O 6. d3 Re8 7. Bg5 a6 8. Ba4
d6 9. Nbd2 b5 10. Bc2 Bb6 11. Nf1 h6 12. Bh4 Be6 13. Ne3 Bxe3 14. fxe3 Nb8 15.
d4 Nbd7 16. d5 Bg4 17. h3 Bh5 18. O-O Qb8 19. Rac1 Qb6 20. g4 Bg6 21. Nd2 Nh7
22. Kh2 f6 23. Rfd1 Ng5 24. Be1 Rf8 25. h4 Nf7 26. Nf1 h5 27. gxh5 Bh7 28. Ng3
Nh6 29. Nf5 Bxf5 30. exf5 Qxe3 31. Qg2 Qf4+ 32. Kg1 Qg4 33. Bd2 Qxg2+ 34. Kxg2
Kh7 35. Be3 Rab8 36. Bg1 Rh8 37. b4 Rb7 38. Be4 Kg8 39. a4 Kf7 40. axb5 axb5
41. Ra1 Nb6 42. Ra2 Ke7 43. Rda1 Nc4 44. Bd3 Rbb8 45. Ra7 Kd7 46. R1a6 Kc8 47.
Kf3 Nf7 48. Bxc4 bxc4 49. Rc6 Rb7 50. Ra8+ Rb8 51. Ra7 Rb7 52. Ra8+ Rb8 53.
Rxb8+ Kxb8 54. Rxc4 Rxh5 55. Kg4 Rh8 56. Be3 Nh6+ 57. Bxh6 Rxh6 58. h5 Rh8 59.
Kh4 Re8 60. Rg4 Re7 61. Kg3 Kc8 62. Kf3 Kd7 63. c4 Ke8 64. c5 dxc5 65. bxc5 Kd7
66. Ke4 Rf7 67. Rg1 Re7 68. Ra1 Re8 69. Ra7 Rc8 70. Rb7 Ke8 71. d6 cxd6 72.
cxd6 Rd8 73. Kd5 Rd7 74. Rb8+ Rd8 75. Rb4 Kf8 76. Rb7 Ra8 77. d7 e4 78. Kxe4
Rd8 79. Kd5 Ke7 80. Kc6 Rh8 81. d8=Q+ 1-0

[Event "Gausdal Classics - GM B"]
[Site "Gausdal"]
[Date "2007.04.18"]
[Round "1"]
[White "Tolhuizen, Ludo"]
[Black "Reinderman, Dimitri"]
[Result "0-1"]
[WhiteElo "2255"]
[BlackElo "2516"]
[PlyCount "62"]
[EventDate "2007.04.18"]
[EventType "swiss"]
[EventRounds "9"]
[EventCountry "NOR"]

1. d4 f5 2. g3 Nf6 3. Bg2 g6 4. Nh3 Bg7 5. Nf4 Nc6 6. h4 e5 7. dxe5 Nxe5 8. Bd2
Ne4 9. Bxe4 fxe4 10. Bc3 c6 11. Qd6 Qf6 12. Qxf6 Bxf6 13. Nd2 d5 14. f3 exf3
15. exf3 Kf7 16. O-O-O Rd8 17. h5 g5 18. Nh3 d4 19. Bb4 a5 20. Bc5 Rd5 21. Ne4
Nxf3 22. Nxf6 Kxf6 23. Rhf1 Rxc5 24. Rxf3+ Rf5 25. Rdf1 g4 26. Rxf5+ Bxf5 27.
Nf4 Re8 28. Kd2 Re3 29. Ne2 c5 30. c3 Rf3 31. Rg1 d3 0-1

[Event "Gausdal Classics - GM B"]
[Site "Gausdal"]
[Date "2007.04.18"]
[Round "1"]
[White "Aarland, Stein Arild"]
[Black "Pavlovic, Milos"]
[Result "1/2-1/2"]
[WhiteElo "2265"]
[BlackElo "2538"]
[PlyCount "47"]
[EventDate "2007.04.18"]
[EventType "swiss"]
[EventRounds "9"]
[EventCountry "NOR"]

1. d4 Nf6 2. c4 e6 3. Nc3 Bb4 4. e3 Bxc3+ 5. bxc3 d6 6. Bd3 e5 7. Qc2 Qe7 8. f3
c5 9. Ne2 O-O 10. O-O Nc6 11. d5 Na5 12. Ng3 h5 13. e4 h4 14. Nf5 Bxf5 15. exf5
Nh5 16. Re1 Qf6 17. Re4 Rae8 18. Rg4 Qd8 19. f6 Nxf6 20. Bg5 e4 21. Bxe4 Re5
22. Bxh4 Rfe8 23. Qd3 Kf8 24. Rf1 1/2-1/2

[Event "Gausdal Classics - GM B"]
[Site "Gausdal"]
[Date "2007.04.18"]
[Round "1"]
[White "van den Bessekaar, Jeroen"]
[Black "Tallaksen, Geir Sune"]
[Result "0-1"]
[WhiteElo "2189"]
[BlackElo "2415"]
[PlyCount "68"]
[EventDate "2007.04.18"]
[EventType "swiss"]
[EventRounds "9"]
[EventCountry "NOR"]

1. d4 Nf6 2. c4 e6 3. Nc3 Bb4 4. e3 b6 5. Nge2 Ne4 6. Bd2 Nxd2 7. Qxd2 O-O 8.
a3 Be7 9. g3 Ba6 10. Bg2 c6 11. b3 d5 12. cxd5 exd5 13. O-O Nd7 14. Rfc1 Rc8
15. b4 Nf6 16. Nf4 Qd6 17. Qd1 Rfe8 18. Qa4 Bc4 19. Qc2 g6 20. Na4 Bf8 21. Nb2
Ba6 22. Qa4 Bb5 23. Qb3 Ne4 24. a4 Ba6 25. b5 Bb7 26. bxc6 Rxc6 27. a5 Rec8 28.
Rxc6 Qxc6 29. axb6 axb6 30. Nbd3 Bd6 31. Ne5 Qc2 32. Qxc2 Rxc2 33. Bxe4 dxe4
34. Ra7 Rc7 0-1

[Event "Gausdal Classics - GM B"]
[Site "Gausdal"]
[Date "2007.04.18"]
[Round "1"]
[White "Urkedal, Frode"]
[Black "Hole, Oystein"]
[Result "0-1"]
[WhiteElo "2176"]
[BlackElo "2410"]
[PlyCount "74"]
[EventDate "2007.04.18"]
[EventType "swiss"]
[EventRounds "9"]
[EventCountry "NOR"]

1. d4 d5 2. c4 c6 3. Nc3 Nf6 4. e3 a6 5. Nf3 b5 6. cxd5 cxd5 7. Qb3 e6 8. Bd3
Be7 9. Ne5 O-O 10. O-O Bb7 11. f4 Nbd7 12. Bd2 Ne4 13. Be1 f5 14. Rf3 Nxe5 15.
fxe5 Qd7 16. a4 b4 17. Nxe4 fxe4 18. Rxf8+ Rxf8 19. Be2 a5 20. Qc2 Rc8 21. Qd2
Rc7 22. Rc1 Qc8 23. Rxc7 Qxc7 24. Bg4 Qc6 25. b3 Ba6 26. h3 Bg5 27. Kh2 g6 28.
Bg3 h5 29. Be2 Qc3 30. Qd1 Bxe2 31. Qxe2 Qxe3 32. Qa6 h4 33. Qxe6+ Kg7 34. Qd7+
Kh6 35. Bxh4 Bxh4 36. Qg4 Bg5 37. h4 Qf4+ 0-1

[Event "Gausdal Classics - GM B"]
[Site "Gausdal"]
[Date "2007.04.18"]
[Round "1"]
[White "Westerinen, Heikki MJ"]
[Black "Guddahl, Viggo"]
[Result "1-0"]
[WhiteElo "2384"]
[BlackElo "2159"]
[PlyCount "75"]
[EventDate "2007.04.18"]
[EventType "swiss"]
[EventRounds "9"]
[EventCountry "NOR"]

1. e4 e6 2. d4 d5 3. Bd3 c5 4. exd5 Qxd5 5. Nc3 Qd8 6. Nf3 Nc6 7. Be3 cxd4 8.
Nxd4 Nf6 9. O-O Be7 10. Nxc6 bxc6 11. Qf3 Nd5 12. Nxd5 cxd5 13. Bb5+ Kf8 14.
Bc6 Rb8 15. Qg3 Ba6 16. Rfd1 Bd6 17. Bf4 Bxf4 18. Qxf4 Rc8 19. Bb5 Bxb5 20.
Qb4+ Qe7 21. Qxb5 g6 22. c3 Kg7 23. Rd4 Rc5 24. Qe2 Rhc8 25. Re1 Qd6 26. Qe3
Qe7 27. Rf4 Rc4 28. Rd4 R4c5 29. g3 h5 30. Rf4 Rc4 31. Qe5+ Kg8 32. Qxd5 Rxf4
33. gxf4 Qh4 34. Qg5 Qxg5+ 35. fxg5 Rc4 36. Re5 Rc7 37. Kf1 Kf8 38. Ra5 1-0

[Event "Gausdal Classics - GM B"]
[Site "Gausdal"]
[Date "2007.04.18"]
[Round "1"]
[White "Hammer, Jon Ludvig"]
[Black "Reppen, Sigmund"]
[Result "1-0"]
[WhiteElo "2346"]
[BlackElo "2093"]
[PlyCount "63"]
[EventDate "2007.04.18"]
[EventType "swiss"]
[EventRounds "9"]
[EventCountry "NOR"]

1. Nf3 Nf6 2. c4 e6 3. g3 d5 4. b3 Be7 5. Bg2 O-O 6. O-O Nbd7 7. Bb2 b6 8. cxd5
exd5 9. d3 Bb7 10. Nc3 Re8 11. Qc2 Nf8 12. e4 dxe4 13. dxe4 Bb4 14. Rad1 Qc8
15. e5 Bxc3 16. Qxc3 Ne4 17. Qc2 Ne6 18. Bh3 h6 19. Nh4 N4g5 20. Bg2 Bxg2 21.
Kxg2 Qb7+ 22. f3 Rad8 23. Qe2 c5 24. Nf5 Rxd1 25. Rxd1 Rd8 26. Nd6 Qc6 27. h4
Nh7 28. Kh2 Nhf8 29. f4 Nc7 30. Nf5 Re8 31. Rd6 Qb7 32. Qg4 1-0

[Event "Gausdal Classics - GM B"]
[Site "Gausdal"]
[Date "2007.04.18"]
[Round "1"]
[White "Tjolsen, Katrine"]
[Black "Stokke, Kjetil"]
[Result "0-1"]
[WhiteElo "2081"]
[BlackElo "2339"]
[PlyCount "80"]
[EventDate "2007.04.18"]
[EventType "swiss"]
[EventRounds "9"]
[EventCountry "NOR"]

1. b3 c5 2. Bb2 Nc6 3. c4 Nf6 4. Nf3 e6 5. e3 Be7 6. Be2 O-O 7. O-O a6 8. d4
cxd4 9. exd4 d5 10. c5 b6 11. cxb6 Ne4 12. Nc3 Nxc3 13. Bxc3 Qxb6 14. Qd2 a5
15. Ne5 Nxe5 16. dxe5 Bd7 17. Bd4 Qb4 18. Bc3 Qb6 19. Bd4 Qb7 20. Rfc1 Bb4 21.
Qe3 Ba3 22. Re1 Rfc8 23. Qh3 Bb5 24. Bxb5 Qxb5 25. Re3 Rc2 26. Rg3 Rac8 27. Be3
Qe2 28. Rf1 g6 29. Qh4 Bf8 30. Rh3 h5 31. Rf3 Bg7 32. Qg5 R2c7 33. a3 Kh7 34.
b4 axb4 35. axb4 d4 36. Bxd4 Bh6 37. Qf6 Rc1 38. Qxf7+ Bg7 39. h4 Rxf1+ 40. Kh2
Rf8 0-1

[Event "Gausdal Classics - GM B"]
[Site "Gausdal"]
[Date "2007.04.18"]
[Round "1"]
[White "Lie, Espen"]
[Black "Thomassen, Joachim"]
[Result "1-0"]
[WhiteElo "2335"]
[BlackElo "2048"]
[PlyCount "101"]
[EventDate "2007.04.18"]
[EventType "swiss"]
[EventRounds "9"]
[EventCountry "NOR"]

1. c4 Nf6 2. g3 e6 3. Bg2 d5 4. Nf3 dxc4 5. O-O c5 6. Na3 Be7 7. Nxc4 Nc6 8. b3
O-O 9. Bb2 Qc7 10. Rc1 Bd7 11. Qc2 Rac8 12. Qb1 Rfd8 13. e3 b5 14. Nce5 Qb6 15.
Nxd7 Rxd7 16. d4 Rdd8 17. dxc5 Bxc5 18. Ng5 e5 19. Bxc6 Rxc6 20. Bxe5 g6 21.
Bxf6 Rxf6 22. Rxc5 Qxc5 23. Ne4 Qe7 24. Nxf6+ Qxf6 25. Rd1 h5 26. Rxd8+ Qxd8
27. Qe4 Qd7 28. Qd4 Qe7 29. b4 a6 30. e4 Qc7 31. Qc5 Qd7 32. Qd5 Qe7 33. a3 Qf6
34. e5 Qf5 35. Kg2 h4 36. Qd8+ Kg7 37. Qf6+ Qxf6 38. exf6+ Kxf6 39. gxh4 Ke5
40. Kg3 Kd4 41. h5 gxh5 42. Kh4 Kc3 43. Kxh5 Kb3 44. h4 Kxa3 45. Kg5 f6+ 46.
Kxf6 Kxb4 47. h5 a5 48. h6 a4 49. h7 a3 50. h8=Q a2 51. Ke6 1-0

[Event "Gausdal Classics - GM B"]
[Site "Gausdal"]
[Date "2007.04.18"]
[Round "1"]
[White "Andersen, Mads"]
[Black "Savage, Ben"]
[Result "0-1"]
[WhiteElo "2039"]
[BlackElo "2332"]
[PlyCount "120"]
[EventDate "2007.04.18"]
[EventType "swiss"]
[EventRounds "9"]
[EventCountry "NOR"]

1. e4 c5 2. Nf3 Nc6 3. d4 cxd4 4. Nxd4 Nf6 5. Nc3 e5 6. Ndb5 d6 7. Bg5 a6 8.
Na3 b5 9. Bxf6 gxf6 10. Nd5 f5 11. c3 Bg7 12. exf5 Bxf5 13. Nc2 O-O 14. Nce3
Be6 15. Bd3 f5 16. O-O Ra7 17. a4 Ne7 18. Nxe7+ Rxe7 19. axb5 axb5 20. Bxb5 d5
21. Ra6 Kh8 22. Qa4 f4 23. Nc2 Bf5 24. Ra1 Ref7 25. Nb4 Qg5 26. Nxd5 e4 27. Bf1
Be5 28. Ra8 h5 29. Qb4 Rxa8 30. Rxa8+ Kh7 31. Re8 Bg7 32. Re7 Rf8 33. Qd6 Bg6
34. Qd7 Rg8 35. Nc7 Bf5 36. Ne6 Bxe6 37. Qxe6 e3 38. Bd3+ Kh8 39. fxe3 fxe3 40.
Qxe3 Qxe3+ 41. Rxe3 Rb8 42. Re2 Bf8 43. Bg6 Rb5 44. b4 Kg7 45. Be4 Rb6 46. Bf3
Kg6 47. Re5 h4 48. Kf1 Ra6 49. Ra5 Re6 50. b5 Re3 51. Ra6+ Kf5 52. Rc6 Bg7 53.
c4 Be5 54. Rc5 Kf4 55. Rxe5 Kxe5 56. b6 Kd4 57. b7 Rb3 58. Bd5 Ke3 59. g3 h3
60. Be4 Kxe4 0-1

[Event "Gausdal Classics - GM B"]
[Site "Gausdal"]
[Date "2007.04.19"]
[Round "2"]
[White "Savage, Ben"]
[Black "Cox, John"]
[Result "1/2-1/2"]
[WhiteElo "2332"]
[BlackElo "2411"]
[PlyCount "110"]
[EventDate "2007.04.18"]
[EventType "swiss"]
[EventRounds "9"]
[EventCountry "NOR"]

1. e4 e5 2. Nf3 Nc6 3. d4 exd4 4. Nxd4 Bc5 5. Nxc6 Qf6 6. Qf3 Qxf3 7. gxf3 bxc6
8. Be3 Bxe3 9. fxe3 d6 10. c4 Nf6 11. Nc3 O-O 12. c5 d5 13. exd5 Nxd5 14. Nd1
Be6 15. a3 Rfb8 16. h4 a5 17. Rh2 Nf6 18. Rd2 Bb3 19. Nc3 Rd8 20. Bd3 Nd7 21.
Bc2 Bxc2 22. Rxc2 Nxc5 23. Rd1 Kf8 24. Rxd8+ Rxd8 25. Nd1 Rd5 26. Ke2 Rh5 27.
Rc4 Ke7 28. Nc3 Ne6 29. Kf2 Kd7 30. Kg3 Rc5 31. Ra4 f5 32. Kf2 g6 33. Ke2 f4
34. exf4 Rh5 35. Ne4 Rxh4 36. Rxa5 Rh2+ 37. Ke3 Rxb2 38. Nf6+ Ke7 39. Nxh7 Ng7
40. Ng5 Nf5+ 41. Kd3 Rb3+ 42. Kc4 Rb1 43. Re5+ Kd7 44. a4 Nd6+ 45. Kc3 Rc1+ 46.
Kb3 Rb1+ 47. Kc3 Rc1+ 48. Kb3 c5 49. Ne6 c4+ 50. Kb2 Rf1 51. Nf8+ Kc6 52. Nxg6
Rf2+ 53. Kc1 Rxf3 54. Ne7+ Kd7 55. Nd5 Ra3 1/2-1/2

[Event "Gausdal Classics - GM B"]
[Site "Gausdal"]
[Date "2007.04.19"]
[Round "2"]
[White "Welling, Gerard"]
[Black "Aarland, Stein Arild"]
[Result "1/2-1/2"]
[WhiteElo "2384"]
[BlackElo "2265"]
[PlyCount "32"]
[EventDate "2007.04.18"]
[EventType "swiss"]
[EventRounds "9"]
[EventCountry "NOR"]

1. d4 d5 2. Nf3 Nf6 3. e3 c5 4. c3 Nc6 5. dxc5 e6 6. b4 a5 7. Bb5 Bd7 8. Bb2
Be7 9. a3 O-O 10. O-O Qc7 11. Nbd2 Nxb4 12. Bxd7 Nd3 13. Bb5 Nxb2 14. Qb3 Nc4
15. Bxc4 dxc4 16. Qxc4 Qxc5 1/2-1/2

[Event "Gausdal Classics - GM B"]
[Site "Gausdal"]
[Date "2007.04.19"]
[Round "2"]
[White "Pavlovic, Milos"]
[Black "Kvisla, Johannes Luangtep"]
[Result "1-0"]
[WhiteElo "2538"]
[BlackElo "2134"]
[PlyCount "59"]
[EventDate "2007.04.18"]
[EventType "swiss"]
[EventRounds "9"]
[EventCountry "NOR"]

1. Nf3 Nf6 2. c4 e6 3. g3 d5 4. b3 Be7 5. Bg2 O-O 6. O-O c6 7. Bb2 Nbd7 8. Qc2
Re8 9. d4 Nf8 10. Nc3 Ng6 11. Rad1 Qa5 12. a3 dxc4 13. bxc4 Qh5 14. h3 Bd8 15.
e3 Bc7 16. Ne4 Nxe4 17. Qxe4 Qa5 18. h4 Bd7 19. Qc2 Rad8 20. c5 b6 21. h5 Nf8
22. h6 gxh6 23. Nd2 Qa6 24. Ne4 Kg7 25. d5+ e5 26. d6 Bb8 27. f4 f5 28. fxe5
fxe4 29. e6+ Kg8 30. Qc3 1-0

[Event "Gausdal Classics - GM B"]
[Site "Gausdal"]
[Date "2007.04.19"]
[Round "2"]
[White "Mikkelsen, Nikolaj"]
[Black "Urkedal, Frode"]
[Result "1-0"]
[WhiteElo "2294"]
[BlackElo "2176"]
[PlyCount "63"]
[EventDate "2007.04.18"]
[EventType "swiss"]
[EventRounds "9"]
[EventCountry "NOR"]

1. e4 c5 2. Nf3 d6 3. d4 cxd4 4. Nxd4 Nf6 5. Nc3 a6 6. Bg5 e6 7. f4 Nbd7 8. Qf3
Be7 9. O-O-O Qc7 10. g4 b5 11. Bxf6 Nxf6 12. g5 Nd7 13. f5 Nc5 14. f6 gxf6 15.
gxf6 Bf8 16. Rg1 h5 17. Re1 b4 18. Nd5 Qa5 19. Bh3 Qxa2 20. Rg7 Qa1+ 21. Kd2
Qxb2 22. Qe3 Ra7 23. Nxe6 fxe6 24. Rxa7 Bh6 25. f7+ Kf8 26. Nf4 Nb3+ 27. Qxb3
Qd4+ 28. Ke2 Bxf4 29. Rc7 Bb7 30. Kf1 Rh6 31. Qa4 Kg7 32. Qe8 1-0

[Event "Gausdal Classics - GM B"]
[Site "Gausdal"]
[Date "2007.04.19"]
[Round "2"]
[White "Bentsen, Oyvind"]
[Black "Andersen, Mads"]
[Result "0-1"]
[WhiteElo "2180"]
[BlackElo "2039"]
[PlyCount "72"]
[EventDate "2007.04.18"]
[EventType "swiss"]
[EventRounds "9"]
[EventCountry "NOR"]

1. e4 c5 2. Nf3 d6 3. d4 cxd4 4. Nxd4 Nf6 5. Nc3 a6 6. Be2 e6 7. O-O Be7 8. Be3
O-O 9. Nb3 Qc7 10. f4 b6 11. Bf3 Bb7 12. e5 dxe5 13. fxe5 Nfd7 14. Bxb7 Qxb7
15. Bf4 Nc6 16. Re1 Nc5 17. Kh1 Rfd8 18. Qf3 Nxb3 19. axb3 Qc7 20. Ra4 b5 21.
Rae4 Rac8 22. Ne2 Nb4 23. c3 Nd3 24. Rf1 Nc5 25. Bh6 gxh6 26. Rg4+ Kh8 27. b4
Nd3 28. Qxf7 Bg5 29. Qxc7 Rxc7 30. h4 Be3 31. Rg3 Nf2+ 32. Kh2 Rd2 33. Nd4 Bf4
34. Nxe6 Bxg3+ 35. Kxg3 Re7 36. Nc5 Rg7+ 0-1

[Event "Gausdal Classics - GM B"]
[Site "Gausdal"]
[Date "2007.04.19"]
[Round "2"]
[White "Reppen, Sigmund"]
[Black "Stubberud, Ornulf"]
[Result "0-1"]
[WhiteElo "2093"]
[BlackElo "2217"]
[PlyCount "68"]
[EventDate "2007.04.18"]
[EventType "swiss"]
[EventRounds "9"]
[EventCountry "NOR"]

1. d4 Nf6 2. Nf3 g6 3. c4 Bg7 4. Nc3 O-O 5. e4 d6 6. Be2 Na6 7. O-O c5 8. d5
Nc7 9. Re1 e5 10. a3 b6 11. b4 Nh5 12. Bf1 f5 13. Nd2 Nf6 14. Rb1 Bh6 15. f3
Kh8 16. bxc5 bxc5 17. Nb3 Bxc1 18. Qxc1 f4 19. Na5 g5 20. Nc6 Qe8 21. Re2 g4
22. Reb2 Qh5 23. Qd1 gxf3 24. gxf3 Rg8+ 25. Rg2 Bh3 26. Rxg8+ Rxg8+ 27. Kh1
Bxf1 28. Qxf1 Rg3 29. Rb8+ Nce8 30. Nb5 Rxf3 31. Qe2 Qh3 32. Kg1 Re3 33. Qf1
Qg4+ 34. Kh1 Qh4 0-1

[Event "Gausdal Classics - GM B"]
[Site "Gausdal"]
[Date "2007.04.19"]
[Round "2"]
[White "Thomassen, Joachim"]
[Black "van den Bessekaar, Jeroen"]
[Result "1-0"]
[WhiteElo "2048"]
[BlackElo "2189"]
[PlyCount "65"]
[EventDate "2007.04.18"]
[EventType "swiss"]
[EventRounds "9"]
[EventCountry "NOR"]

1. e4 e5 2. Nf3 Nc6 3. Bb5 a6 4. Ba4 Nf6 5. O-O Be7 6. Re1 b5 7. Bb3 d6 8. c3
O-O 9. h3 Rb8 10. d4 exd4 11. cxd4 d5 12. exd5 Nxd5 13. Nc3 Nxc3 14. bxc3 Bf6
15. Bc2 Be6 16. h4 Bg4 17. Be4 Ne7 18. Qd3 g6 19. h5 Bf5 20. Ba3 Bxe4 21. Rxe4
Rb6 22. Rae1 Re6 23. Rxe6 fxe6 24. hxg6 hxg6 25. Bxe7 Qxe7 26. Qxg6+ Kh8 27.
Qh5+ Kg7 28. Ne5 Rg8 29. Re3 Bxe5 30. Qxe5+ Kf7 31. Qh5+ Rg6 32. Rg3 Qf6 33.
Rf3 1-0

[Event "Gausdal Classics - GM B"]
[Site "Gausdal"]
[Date "2007.04.19"]
[Round "2"]
[White "Saevareid, Ove"]
[Black "Tjolsen, Katrine"]
[Result "1/2-1/2"]
[WhiteElo "2198"]
[BlackElo "2081"]
[PlyCount "158"]
[EventDate "2007.04.18"]
[EventType "swiss"]
[EventRounds "9"]
[EventCountry "NOR"]

1. Nf3 c5 2. c4 Nc6 3. g3 g6 4. Bg2 Bg7 5. Nc3 d6 6. d3 e5 7. a3 Nge7 8. Rb1 a5
9. Bg5 f6 10. Be3 O-O 11. O-O Rb8 12. Ne1 Be6 13. Nc2 b6 14. b4 cxb4 15. axb4
d5 16. cxd5 Nxd5 17. Bxd5 Bxd5 18. bxa5 bxa5 19. Rxb8 Nxb8 20. Nxd5 Qxd5 21.
Qa1 Nd7 22. Rb1 Qc6 23. Na3 a4 24. Qa2+ Kh8 25. Rc1 Qd6 26. Nb5 Qb4 27. Rb1 Qa5
28. Bd2 Qa6 29. Nc7 Qd6 30. Nb5 Qa6 31. Qd5 Nb6 32. Qd6 Qc8 33. Rc1 Qb8 34. Rc7
Na8 35. Ra7 Qxd6 36. Nxd6 Nb6 37. Ra6 Rb8 38. Be3 Nd5 39. Rxa4 Nc3 40. Rc4
Nxe2+ 41. Kf1 Nd4 42. Bxd4 exd4 43. Rxd4 f5 44. Nf7+ Kg8 45. Rd8+ Rxd8 46. Nxd8
Bf6 47. Ne6 Kf7 48. Nf4 Bd4 49. Ne2 Bb2 50. f4 h6 51. Kf2 Ke6 52. Ke3 Kd5 53.
Kd2 g5 54. fxg5 hxg5 55. Ke3 Bf6 56. Kf3 Be7 57. g4 fxg4+ 58. Kxg4 Bd8 59. Kf5
Be7 60. h3 Bd8 61. Ng1 g4 62. Kxg4 Kd4 63. Nf3+ Kxd3 64. Kf5 Kc4 65. Ng5 Kd5
66. h4 Ba5 67. h5 Kd6 68. Kg6 Ke7 69. Ne4 Bb6 70. Ng3 Kf8 71. Nf5 Bc7 72. Ng7
Be5 73. h6 Bb2 74. Ne6+ Ke7 75. Ng5 Bc1 76. h7 Bb2 77. Nf7 Bc3 78. Nh6 Kf8 79.
Ng8 Bh8 1/2-1/2

[Event "Gausdal Classics - GM B"]
[Site "Gausdal"]
[Date "2007.04.19"]
[Round "2"]
[White "Hole, Oystein"]
[Black "Oral, Tomas"]
[Result "0-1"]
[WhiteElo "2410"]
[BlackElo "2543"]
[PlyCount "110"]
[EventDate "2007.04.18"]
[EventType "swiss"]
[EventRounds "9"]
[EventCountry "NOR"]

1. Nf3 c5 2. c4 Nc6 3. d4 cxd4 4. Nxd4 Nf6 5. g3 Qb6 6. Nc2 e6 7. Bg2 d5 8. O-O
dxc4 9. Nd2 Qa6 10. Ne3 Be7 11. Ndxc4 O-O 12. Bd2 Rd8 13. Qe1 Nd5 14. Bc3 Nxc3
15. bxc3 b5 16. Nb2 Bb7 17. Nd3 Rac8 18. Qb1 Ba8 19. a3 Bg5 20. Nd1 Bf6 21. Ra2
Ne5 22. Bxa8 Rxa8 23. Nxe5 Bxe5 24. a4 bxa4 25. Qe4 Qb5 26. Qxa4 Qxa4 27. Rxa4
a5 28. f4 Bf6 29. Kf2 g6 30. Ra3 Rdc8 31. Ke3 a4 32. Kd3 Be7 33. Ra2 a3 34. Kc2
Ra6 35. Rf3 Rac6 36. Rd3 h5 37. e4 Kg7 38. e5 Rb8 39. Rd4 Rcb6 40. Rd7 Kf8 41.
h4 Ke8 42. Rd3 Bc5 43. Rd2 Ke7 44. Rd3 f6 45. exf6+ Kxf6 46. Rd2 Kf5 47. Re2
Kg4 48. Re5 Rc6 49. Rg5+ Kf3 50. Rxg6 Rd8 51. c4 Rd4 52. f5 Rxc4+ 53. Kb3 Rb4+
54. Kc3 Rb1 55. Kc2 Be3+ 0-1

[Event "Gausdal Classics - GM B"]
[Site "Gausdal"]
[Date "2007.04.19"]
[Round "2"]
[White "Reinderman, Dimitri"]
[Black "Pitl, Gregory"]
[Result "0-1"]
[WhiteElo "2516"]
[BlackElo "2367"]
[PlyCount "38"]
[EventDate "2007.04.18"]
[EventType "swiss"]
[EventRounds "9"]
[EventCountry "NOR"]

1. e4 c5 2. Nf3 d6 3. d4 cxd4 4. Nxd4 Nf6 5. Nc3 Nc6 6. f4 Qb6 7. Nb3 Bg4 8.
Be2 h5 9. Bxg4 hxg4 10. Nd5 Nxd5 11. exd5 Rxh2 12. Rxh2 g3 13. Qh5 Qg1+ 14. Ke2
gxh2 15. Be3 Qxg2+ 16. Bf2 Qe4+ 17. Be3 Nb4 18. Nd2 Qg2+ 19. Bf2 Nxd5 0-1

[Event "Gausdal Classics - GM B"]
[Site "Gausdal"]
[Date "2007.04.19"]
[Round "2"]
[White "Stokke, Kjetil"]
[Black "Greet, Andrew"]
[Result "1-0"]
[WhiteElo "2339"]
[BlackElo "2428"]
[PlyCount "113"]
[EventDate "2007.04.18"]
[EventType "swiss"]
[EventRounds "9"]
[EventCountry "NOR"]

1. e4 e5 2. Nf3 Nc6 3. Bb5 a6 4. Ba4 Nf6 5. O-O Be7 6. Re1 b5 7. Bb3 d6 8. c3
O-O 9. h3 Na5 10. Bc2 c5 11. d4 Qc7 12. Nbd2 cxd4 13. cxd4 Rd8 14. b3 Nc6 15.
Bb2 Bb7 16. Rc1 Qb6 17. d5 Nb4 18. Bb1 a5 19. Nf1 Bc8 20. Ne3 Bd7 21. Qd2 Na6
22. g4 g6 23. Kh2 Nc5 24. Nf1 b4 25. Qe2 Nfxe4 26. Bxe4 Nxe4 27. Qxe4 Qxf2+ 28.
Kh1 f5 29. gxf5 Bxf5 30. Qe2 Qxe2 31. Rxe2 Bxh3 32. Rc7 Rd7 33. Rec2 Rxc7 34.
Rxc7 Bd8 35. Rc1 a4 36. N1d2 axb3 37. axb3 Ra5 38. Ra1 Rxa1+ 39. Bxa1 Bc8 40.
Nc4 Bc7 41. Nfd2 Bb7 42. Ne3 Bb6 43. Ndc4 Bc5 44. Kg2 Kf7 45. Kf3 h5 46. Bb2
Kf6 47. Bc1 Ba6 48. Nd2 Bd3 49. Ne4+ Bxe4+ 50. Kxe4 g5 51. Bd2 g4 52. Nf5 Kg6
53. Be1 Kf6 54. Bh4+ Kf7 55. Be7 g3 56. Kf3 Kg6 57. Nxg3 1-0

[Event "Gausdal Classics - GM B"]
[Site "Gausdal"]
[Date "2007.04.19"]
[Round "2"]
[White "Westerinen, Heikki MJ"]
[Black "Rausis, Igors"]
[Result "1/2-1/2"]
[WhiteElo "2384"]
[BlackElo "2537"]
[PlyCount "24"]
[EventDate "2007.04.18"]
[EventType "swiss"]
[EventRounds "9"]
[EventCountry "NOR"]

1. e4 c5 2. Nf3 d6 3. d4 cxd4 4. Nxd4 Nf6 5. Nc3 g6 6. Be3 Bg7 7. f3 Nc6 8. Qd2
O-O 9. g4 Bd7 10. h4 Ne5 11. Bh6 Bxh6 12. Qxh6 Rc8 1/2-1/2

[Event "Gausdal Classics - GM B"]
[Site "Gausdal"]
[Date "2007.04.20"]
[Round "3"]
[White "Hammer, Jon Ludvig"]
[Black "Westerinen, Heikki MJ"]
[Result "1-0"]
[WhiteElo "2346"]
[BlackElo "2384"]
[PlyCount "65"]
[EventDate "2007.04.18"]
[EventType "swiss"]
[EventRounds "9"]
[EventCountry "NOR"]

1. e4 e6 2. d4 d5 3. e5 c5 4. c3 Qb6 5. Nf3 Bd7 6. Bd3 Bb5 7. dxc5 Bxc5 8. b4
Bxd3 9. Qxd3 Be7 10. O-O Nd7 11. Na3 Rc8 12. Be3 Qa6 13. Nb5 Qa4 14. Nbd4 Nb6
15. Nd2 Qd7 16. Rac1 Nc4 17. Nxc4 Rxc4 18. Nb3 b6 19. Nd2 Rc7 20. Bf4 h5 21.
Qg3 Kf8 22. c4 Qc8 23. a3 Nh6 24. Bxh6 Rxh6 25. Qd3 g6 26. Rc2 Kg7 27. Rfc1
dxc4 28. Rxc4 Qa6 29. Qf3 Rxc4 30. Rxc4 Rh8 31. Rc7 Rc8 32. b5 Qxb5 33. Rxc8
1-0

[Event "Gausdal Classics - GM B"]
[Site "Gausdal"]
[Date "2007.04.20"]
[Round "3"]
[White "Lie, Espen"]
[Black "Pavlovic, Milos"]
[Result "1/2-1/2"]
[WhiteElo "2335"]
[BlackElo "2538"]
[PlyCount "28"]
[EventDate "2007.04.18"]
[EventType "swiss"]
[EventRounds "9"]
[EventCountry "NOR"]

1. c4 Nf6 2. g3 g6 3. Bg2 Bg7 4. Nc3 d6 5. d3 O-O 6. Bg5 h6 7. Bd2 Nc6 8. e4 a6
9. Nge2 Rb8 10. Rb1 b5 11. cxb5 axb5 12. b4 Kh7 13. O-O e5 14. Qc2 Ne7 1/2-1/2